Tuyển tập các tiêu chuẩn quốc gia (TCVN) về vật liệu điện, cách điện và bộ phận của thiết bị điện. Tập 2

Сохранить в:
Библиографические подробности
Формат: Sách
Язык:Undetermined
Опубликовано:  Tổng cục Tiêu chuẩn - Đo lường - Chất lượng  2010
Предметы:
Метки: Добавить метку
Нет меток, Требуется 1-ая метка записи!
Thư viện lưu trữ: Trung tâm Thư viện - Trường Đại học Công nghiệp TP. Hồ Chí Minh
LEADER 00606nam a2200133Ia 4500
001 UIH_06669
008 231011s9999 xx 000 0 und d
082 |a  621.317 
245 0 |a  Tuyển tập các tiêu chuẩn quốc gia (TCVN) về vật liệu điện, cách điện và bộ phận của thiết bị điện. Tập 2 
260 |b  Tổng cục Tiêu chuẩn - Đo lường - Chất lượng 
260 |c  2010 
650 |a  Điện học;  
927 |a Sách 
980 |a Trung tâm Thư viện - Trường Đại học Công nghiệp TP. Hồ Chí Minh